| 000 | 01819nam a2200457Ii 4500 | ||
|---|---|---|---|
| 001 | DIGSLMNDRA0236 | ||
| 003 | NyNyDIG | ||
| 007 | cr ||||||||||| | ||
| 008 | 220920s2015 sp o 000 f spa d | ||
| 006 | m o d | ||
| 035 | _a(OCoLC)922930664 | ||
| 040 |
_aDGITA _beng _erda _epn _cDGITA |
||
| 041 | 1 |
_aspa _heng |
|
| 020 |
_a9788415631064 _qlibro electrónico |
||
| 020 | _z9788498386714 | ||
| 050 | 1 | 4 | _aPS3557.A22 ebook |
| 100 | 1 |
_aGabaldon, Diana, _eauthor. |
|
| 240 | 1 | 0 |
_aDragonfly in Amber. _lSpanish _s(Casals and Fernández) |
| 245 | 1 | 0 |
_aAtrapada en el tiempo / _cDiana Gabaldon ; traducción del inglés, Elizabeth Casals y Elisabete Fernández. |
| 250 | _aPrimera edición en libro electrónico (epub) | ||
| 264 | 1 |
_aBarcelona : _bSalamandra, _c[2015] |
|
| 300 | _a1 online resource. | ||
| 336 |
_atext _btxt _2rdacontent |
||
| 337 |
_acomputer _bc _2rdamedia |
||
| 338 |
_aonline resource _bcr _2rdacarrier |
||
| 347 |
_atext file _2rdaft |
||
| 347 | _bEPUB | ||
| 588 | 0 | _aOnline resource; title from ePub title page (Digitalia, viewed September 20, 2022) | |
| 650 | 0 |
_aTime travel _vFiction. |
|
| 651 | 0 |
_aScotland _xHistory _y18th century _vFiction. |
|
| 655 | 7 |
_aNovels. _2lcgft |
|
| 700 | 1 |
_aCasals, Elizabeth, _etranslator. |
|
| 700 | 1 |
_aFernández, Elisabete, _etranslator. |
|
| 700 | 1 |
_iTranslation of: _aGabaldon, Diana. _tDragonfly in Amber. |
|
| 791 | 2 |
_aDigitalia (Firm), _edistributor. |
|
| 793 | 0 |
_gDigitalia eBook Collection: _aEdiciones Salamandra |
|
| 776 | 0 | 8 |
_iPrint version: _aGabaldon, Diana. _sDragonfly in Amber. Spanish (Casals and Fernández). _tAtrapada en el tiempo. _dBarcelona : Salamandra, [2015] _z9788498386714 |
| 856 | 4 | 0 |
_3Digitalia Hispánica _uhttps://www.digitaliapublishing.com/a/48320/ |
| 910 | _aPremium collection: 2022 | ||
| 942 | _cRAA | ||
| 999 |
_c250837 _d250837 |
||